বাঙলা গ্রামীণ লোকনাটক : (Record no. 36719)
[ view plain ]
| 000 -LEADER | |
|---|---|
| fixed length control field | 01240nam a2200253 a 4500 |
| 001 - CONTROL NUMBER | |
| control field | 36719 |
| 003 - CONTROL NUMBER IDENTIFIER | |
| rucl marc code | BD-RjUL |
| 005 - DATE AND TIME OF LATEST TRANSACTION | |
| control field | 20211209052527.0 |
| 008 - FIXED-LENGTH DATA ELEMENTS--GENERAL INFORMATION | |
| fixed length control field | 140823s2000 bg o|||e b||| 00| 0 ben d |
| 020 ## - INTERNATIONAL STANDARD BOOK NUMBER | |
| Terms of availability | IRs.70.00 |
| 035 ## - SYSTEM CONTROL NUMBER | |
| System control number | (BD-RjUL) 36820 |
| 040 ## - CATALOGING SOURCE | |
| Original cataloging agency | BD-RjUL |
| Language of cataloging | ben |
| Transcribing agency | BD-RjUL |
| 041 ## - LANGUAGE CODE | |
| Language code of text/sound track or separate title | ben |
| 082 ## - DEWEY DECIMAL CLASSIFICATION NUMBER | |
| Classification number | 891.44209 |
| Author mark and year | MIB 2000 |
| Edition number | 23 |
| 245 00 - TITLE STATEMENT | |
| Title | বাঙলা গ্রামীণ লোকনাটক : |
| Remainder of title | আলোচনা এবং সংগ্রহ / |
| Statement of responsibility, etc. | সনৎকুমার মিত্র সম্পাদিত |
| 260 ## - PUBLICATION, DISTRIBUTION, ETC. (IMPRINT) | |
| Place of publication, distribution, etc. | কলিকাতা : |
| Name of publisher, distributor, etc. | লোকসংস্কৃতি গবেষণা পরিষদ |
| Date of publication, distribution, etc. | c ২০০০. |
| 300 ## - PHYSICAL DESCRIPTION | |
| Pagination | [১০], ২৪২পৃ.: |
| Illustrations | চিত্র ; |
| Size | ১৮ সেমি. |
| 490 ## - SERIES STATEMENT | |
| Series statement | লোকসংস্কৃতি গবেষণা গন্থমালা ; |
| Volume/sequential designation | ৯ |
| 650 ## - SUBJECT ADDED ENTRY--TOPICAL TERM | |
| Topical term or geographic name as entry element | বাংলা লোকনাটক |
| Form subdivision | ইতিহাস ও সমালোচনা |
| 9 (RLIN) | 124568 |
| Topical term or geographic name as entry element | Bengali Folk Drama |
| Form subdivision | History and Criticism |
| 9 (RLIN) | 124569 |
| 700 ## - ADDED ENTRY--PERSONAL NAME | |
| Personal name | মিত্র, সনৎকুমার, সম্পাদক |
| 830 ## - SERIES ADDED ENTRY--UNIFORM TITLE | |
| Uniform title | লোকসংস্কৃতি গবেষণা গন্থমালা ; |
| Volume number/sequential designation | ৯ |
| 942 ## - ADDED ENTRY ELEMENTS (KOHA) | |
| Source of classification or shelving scheme | Dewey Decimal Classification |
| Koha item type | Books |
| Lost status | Source of classification or shelving scheme | Damaged status | Not for loan | Collection code | Permanent Location | Current Location | Shelving location | Date acquired | Source of acquisition | Cost, normal purchase price | Total Checkouts | Full call number | Date last seen | Date checked out | Copy number | Koha item type |
|---|---|---|---|---|---|---|---|---|---|---|---|---|---|---|---|---|
| Dewey Decimal Classification | Non-fiction | Central Library, University of Rajshahi | Central Library, University of Rajshahi | 21/01/2008 | Dhaka, paragon enterprise | 70.00 | 1 | B 891.442095414 MIB 2000 | 19/02/2025 | 17/02/2025 | C-2 | Books | ||||
| Dewey Decimal Classification | Non-fiction | Central Library, University of Rajshahi | Central Library, University of Rajshahi | 21/02/2008 | Paragon Enterprise Lit., Dhaka | 70.00 | B 891.442095414 MIB 2000 | 10/08/2016 | C-3 | Books | ||||||
| Dewey Decimal Classification | Non-fiction | Central Library, University of Rajshahi | Central Library, University of Rajshahi | 21/02/2008 | Paragon Enterprise Lit., Dhaka | 70.00 | B 891.442095414 MIB 2000 | 10/08/2016 | C-4 | Books | ||||||
| Dewey Decimal Classification | Non-fiction | Central Library, University of Rajshahi | Central Library, University of Rajshahi | 21/01/2008 | Paragon Enterprise Lit., Dhaka | 70.00 | B 891.442095414 MIB 2000 | 31/12/2020 | C-5 | Books |